Russian Language Studies
Salvato in:
| Natura: | Periodico |
|---|---|
| Lingua: | inglese russo |
| Pubblicazione: |
Moscow
RUDN University
|
| Tags: |
Nessun Tag, puoi essere il primo ad aggiungerne!!
|
MARC
| LEADER | 00000nas1a2200000 4500 | ||
|---|---|---|---|
| 001 | 0277647 | ||
| 005 | 20250701092108.4 | ||
| 022 | |a 2618-8171 | ||
| 022 | |a 2618-8163 | ||
| 041 | 0 | |a eng | |
| 041 | 0 | |a rus | |
| 044 | |a RU | ||
| 245 | 1 | 0 | |a Russian Language Studies |
| 264 | 1 | |a Moscow |b RUDN University | |